Breve historia contemporánea de Guatemala.

Saved in:
書目詳細資料
主要作者: Luján Muñoz, Jorge (autor)
格式: 圖書
出版: México D.F., México: Fondo de Cultura Económica, 1998.
叢編:Colección Popular,
主題:
標簽: 添加標簽
沒有標簽, 成為第一個標記此記錄!

MARC

LEADER 00000nam a22000007a 4500
003 CL-VaPUC
005 20220822114627.0
008 220715t1998 ||||| |||| 00| 0 eng d
999 |c 437079  |d 437077 
020 |a 968-16-5479-X 
040 |c Pontificia Universidad Católica de Valparaíso 
082 7 |a 972.81 LUJ 1998  |2 22 
100 |a Luján Muñoz, Jorge  |9 620463  |e autor 
245 |a Breve historia contemporánea de Guatemala. 
260 |a México D.F., México:   |b Fondo de Cultura Económica,   |c 1998. 
300 |a 523 páginas.  
490 |a Colección Popular,   |n 552. 
500 |a c.1 Donación Familia Prof. Alejandro Guzmán Brito. 
583 |c 20220714  |k Cristina María Rojas Aguilar 
651 |a Guatemala  |x Historia   |y 1821-1945  |9 873079 
651 |a Guatemala  |x Historia   |y 1945-1985  |9 873080 
942 |2 ddc  |c BK  |n 0 
952 |0 0  |1 0  |2 ddc  |4 0  |6 972_810000000000000_LUJ_1998  |7 0  |8 C_AGB  |9 584824  |a BIBDER  |b BIBDER  |d 2022-07-15  |e Donación   |i 5652952  |o 972.81 LUJ 1998  |p 5652952  |r 2023-01-25  |t 1  |w 2022-07-15  |y BK_US  |k AGB